Équipes des Dresseurs Pokémon (Kalos) - Statistiques

Statistiques générales
  • Ce quiz a été pris 67 fois
  • Le résultat moyen est 371 sur 638
Statistiques - réponses
Lieux Dresseurs Pokémon % Correct
ou Feunnec
100%
ou Grenousse
100%
Quarellis Dresseuse Sannah Marisson
100%
Fillette Sandrine Pikachu
94%
Pikachu
94%
Route 6 Touriste Kimie Pikachu
94%
Pikachu
94%
Pikachu
94%
Pokéfan Renée Pikachu
94%
Hélionceau
91%
Hélionceau
91%
Passerouge
91%
Rollerskateuse Loïs Passerouge
91%
Randonneur Patxi Passerouge
91%
Prismillon
91%
Championne Violette Arakdo
88%
Fillette Vanessa Flabébé
88%
Flabébé
88%
Florges
88%
Florges
88%
Petit Pierre-Henri Magicarpe
88%
Pêcheur Hervé Magicarpe
88%
Magicarpe
88%
Magicarpe
88%
Magicarpe
88%
Magicarpe
88%
Magicarpe
88%
Petite Lumi Pichu
88%
Pokéfan Yoshio Pichu
88%
Sapereau
88%
Écolière Cléo Sapereau
88%
Rollerskateuse Carine Sapereau
88%
Randonneur Sammy Sapereau
88%
Randonneur Milo Sapereau
88%
Champion Lino Amagara
85%
Route 3 Petit Daryl Chenipan
85%
Dragmara
85%
Dragmara
85%
Fillette de Conte Rose Floette
85%
Floette
85%
Topdresseuse Hitomi Gardevoir
85%
Gardevoir
85%
Mystimaniac Colette Gardevoir
85%
Gardevoir
85%
Iguolta
85%
ou Iguolta
85%
Forêt de Neuvartault Gamin Kendall Lépidonille
85%
Léviator
85%
Léviator
85%
Léviator
85%
Karatéka Clark Machoc
85%
Nymphali
85%
Gamin Donnie Pérégrain
85%
Ptyranidur
85%
Dresseuse Prom. Lala Raichu
85%
Topdresseur Tristan Raichu
85%
Dresseur Trovato Raichu
85%
Raichu
85%
Vénérable Patricia Rexillius
85%
Rexillius
85%
Écolier Renaud Roucool
85%
Rollerskateur Takato Roucool
85%
Roucool
85%
Fillette Jenn Aspicot
82%
Brutalibré
82%
Brutalibré
82%
ou Brutalibré
82%
Combattante Cassandra Brutalibré
82%
Combattante Valérie Brutalibré
82%
Maître Dianthéa Brutalibré
82%
Chevroum
82%
ou Chevroum
82%
Chrysacier
82%
Fillette Bettie Coconfort
82%
Écolier Sofiane Dedenne
82%
Arène de Romant-sous-Bois Kimono Kirika Dedenne
82%
Dedenne
82%
Dedenne
82%
Pokéfan Kaz Dedenne
82%
Flambusard
82%
ou Flambusard
82%
Dresseur Tierno Flambusard
82%
Vénérable Sayuri Flambusard
82%
Flambusard
82%
Cromlac'h Championne Cornélia Lucario
82%
Lucario
82%
Tour Maîtrise Héritière Cornélia Lucario
82%
Route 22 (surf) Topdresseur Alain Lucario
82%
Cerveau & Muscles Rob & Pat Machopeur
82%
Machopeur
82%
Machopeur
82%
Némélios
82%
Némélios
82%
Némélios
82%
Némélios
82%
ou Némélios
82%
Ligue Pokémon Conseil 4 Malva Némélios
82%
Dresseur Prom. Franco Riolu
82%
Dresseuse Aérienne Samantha Braisillon
79%
Bruyverne
79%
Cabriolaine
79%
Dresseur Prom. Bryce Cabriolaine
79%
Dardargnan
79%
Route 4 Jardinier Lucas Écrapince
79%
Jardinier Bruno Écrapince
79%
Jardinier Léon Écrapince
79%
Dresseur Tierno Écrapince
79%
Dresseurs Tierno & Trovato Écrapince
79%
Excavarenne
79%
Écolier Arnaud Feuillajou
79%
Gamin Sébastien Feuillajou
79%
Flamajou
79%
Flotajou
79%
Championne Valériane Mysdibule
79%
Mysdibule
79%
Nosferalto
79%
Route 13 Sbire Flare Nosferalto
79%
Nosféralto
79%
Nosferalto
79%
Sbire Flare Nosferalto
79%
Nosferalto
79%
Sbire Flare Nosferalto
79%
Sbire Flare Nosferalto
79%
Nosferalto
79%
Manager Flare Nosferalto
79%
Grotte Étincelante Sbire Flare Nosférapti
79%
Papilusion
79%
Papilusion
79%
ou Pyroli
79%
ou Pyroli
79%
ou Pyroli
79%
Tarsal
79%
ou Amphinobi
76%
ou Amphinobi
76%
ou Amphinobi
76%
ou Amphinobi
76%
Aquali
76%
ou Aquali
76%
Aquali
76%
Blindépique
76%
Blindépique
76%
Blindépique
76%
Blindépique
76%
Boguérisse
76%
Boguérisse
76%
Carapuce
76%
Kimono Tihana Cocotine
76%
Fillette de Conte Yumeko Cocotine
76%
Cocotine
76%
Cocotine
76%
ou Croâporal
76%
ou Croâporal
76%
Cupcanaille
76%
Kimono Joséphine Cupcanaille
76%
Route 20 Jumelles Aya & Ava Cupcanaille
76%
Conseil 4 Narcisse Gamblast
76%
Vénérable Kathleen Givrali
76%
ou Goupelin
76%
ou Goupelin
76%
ou Goupelin
76%
ou Goupelin
76%
Dresseur Prom. Takumi Kadabra
76%
Kirlia
76%
Kirlia
76%
Conseil 4 Dracéna Kravarech
76%
Ranger Thierry Mucuscule
76%
Muplodocus
76%
Muplodocus
76%
Négapi
76%
Pokéfan Abby Négapi
76%
Pandespiègle
76%
Pandespiègle
76%
Arène de Yantreizh Rollerskateur Eugène Pandespiègle
76%
Route 5 Jumelles Éva & Lyn Posipi
76%
Pokéfan Estelle Posipi
76%
ou Roussil
76%
ou Roussil
76%
Kimono Lizzy Trousselin
76%
Fillette de Conte Alice Trousselin
76%
Fillette de Conte Christine Trousselin
76%
Conseil 4 Thyméo Trousselin
76%
ou Banshitrouye
74%
Mystimaniac Himiko Banshitrouye
74%
Banshitrouye
74%
Illumis Professeur Platane Bulbizarre
74%
Ranger Francis Colimucus
74%
Caverne Gelée (intérieur) Topdresseuse Léa Dimoclès
74%
Dracaufeu
74%
Exagide
74%
Mozheim Professeur Platane Florizarre
74%
Karatéka Leone Mackogneur
74%
Dresseuse Prom. Cheyenne Magnéton
74%
Magnéton
74%
Phyllali
74%
Canon Brigitte Psystigri
74%
Salamèche
74%
Strassie
74%
Route Victoire Topdresseur Frédéric Strassie
74%
Tortank
74%
ou Voltali
74%
ou Voltali
74%
ou Voltali
74%
Soeurs Étranges Lilas & Lali Alakazam
71%
Alakazam
71%
Azurill
71%
Couple de Pokéfans Josh & Fy Couafarel
71%
Couafarel
71%
Démolosse
71%
Duo Flare Manager & Ancolie Démolosse
71%
Démolosse
71%
Team Flare Myosotis Démolosse
71%
Sbire Flare Démolosse
71%
Team Flare Myosotis Démolosse
71%
Duo Flare Sbire & Manager Démolosse
71%
Démolosse
71%
ou Démolosse
71%
ou Désséliande
71%
Mystimaniac Ingrid Desséliande
71%
Vénérable Adam Desséliande
71%
Dresseuse Prom. Mikiko Élecsprint
71%
Duo Flare Cyane & Brasénie Élecsprint
71%
Rollerskateur Brian Élecsprint
71%
Élecsprint
71%
Sbire Flare Élecsprint
71%
Duo Flare Cyane & Brasénie Élecsprint
71%
Cromlac'h Sbire Flare Élecsprint
71%
Duo Flare Sbire & Manager Élecsprint
71%
Élecsprint
71%
Galvaran
71%
Kinésiste Santino Mentali
71%
Tour Maîtrise Rival(e) Kalem/Séréna Mistigrix
71%
Port Tempères Rival(e) Kalem/Séréna Mistigrix
71%
Route 14 Rival(e) Kalem/Séréna Mistigrix
71%
Flusselles Rival(e) Kalem/Séréna Mistigrix
71%
Mistigrix
71%
Rival(e) Kalem/Séréna Mistigrix
71%
Noctali
71%
Onix
71%
Route 2 Gamin Jules Zigzaton
71%
Neuvartault Rollerskateuse Grace Zigzaton
71%
Touriste Makiko Zigzaton
71%
Colhomard
68%
Ranger Baptiste Colhomard
68%
Colhomard
68%
Golgopathe
68%
Malosse
68%
Sbire Flare Malosse
68%
Marill
68%
Team Flare Xanthin Nostenfer
68%
Ranger Émile Nostenfer
68%
Mauvaises Graines Les & Mia Pandarbare
68%
Pandarbare
68%
Karatéka Nico Pandarbare
68%
Mystimaniac Élizandra Pitrouille
68%
Mystimaniac Josette Pitrouille
68%
Pitrouille
68%
Nageur Chris Venalgue
68%
Venalgue
68%
Topdresseur Nicolas Absol
65%
Absol
65%
Absol
65%
Absol
65%
Absol
65%
Absol
65%
Azumarill
65%
Azumarill
65%
ou Azumarill
65%
Azumarill
65%
Azumarill
65%
Fillette de Conte Dolorès Azumarill
65%
ou Blizzaroi
65%
Champion Urup Blizzaroi
65%
Arène de Neuvartault Gamin Kenneth Coxy
65%
Pêcheur Jean-Pierre Flingouste
65%
Combattante Ani Kungfouine
65%
Kungfouine
65%
Championne Cornélia Kungfouine
65%
Labos Lysandre Team Flare Lysandre Kungfouine
65%
Nageuse Christie Maskadra
65%
ou Maskadra
65%
M.Mime
65%
M.Mime
65%
ou M.Mime
65%
Fillette de Conte Dorothée M.Mime
65%
Opermine
65%
Fillette Églantine Poissirène
65%
Poissirène
65%
Ranger Gabriel Rafflesia
65%
Rafflesia
65%
Boustiflor
62%
Combattante Seya Charmina
62%
Kinésiste Keith Charmina
62%
Charmina
62%
Combattante Hakira Charmina
62%
Charmina
62%
Pokéfan Nicole Cheniti
62%
Cheniti
62%
Cheniti
62%
Dynavolt
62%
Sbire Flare Dynavolt
62%
Mystherbe
62%
Mystherbe
62%
Ranger Kaori Ortide
62%
Roucoups
62%
Séracrawl
62%
Combattante Marionna Shaofouine
62%
Repaire Flare Team Flare Lysandre Shaofouine
62%
Boss Team Flare Lysandre Shaofouine
62%
Combattante Lilika Shaofouine
62%
Shaofouine
62%
Drakkarmin
59%
Drakkarmin
59%
Montagnard Antoine Gravalanch
59%
Gravalanch
59%
Grotte Coda Ouvrier Gui Gravalanch
59%
Gravalanch
59%
Kinésiste Eyric Méditikka
59%
Rollerskateuse Ayumi Méditikka
59%
Spectrum
59%
Stari
59%
Staross
59%
Montagnard Anselme Tarinor
59%
ou Altaria
56%
Altaria
56%
Altaria
56%
Altaria
56%
Montagnard Anthony Chartor
56%
Chartor
56%
Panthéon Dresseur A.Z. Chartor
56%
Gamin Akira Cradopaud
56%
Cradopaud
56%
Cradopaud
56%
Cradopaud
56%
Sbire Flare Cradopaud
56%
Sbire Flare Cradopaud
56%
Cerveau & Muscles Ala & Kais Gallame
56%
Écolière Amélie Keunotor
56%
Dresseur Prom. Robert Keunotor
56%
Grotte Miroitante Randonneur Milan Linéon
56%
Randonneur Énée Linéon
56%
Éleveur Vijay Mangriff
56%
Ranger Eustache Mangriff
56%
Route 22 Dresseuse Prom. Noémie Psykokwak
56%
Psykokwak
56%
Psykokwak
56%
Sépiatroce
56%
Éleveuse Mahimata Séviper
56%
Séviper
56%
ou Steelix
56%
Steelix
56%
Topdresseur Jacob Steelix
56%
Cheniselle
53%
Usine de Poké Balls Sbire Flare Coatox
53%
Coatox
53%
Coatox
53%
Sbire Flare Coatox
53%
Coatox
53%
Karatéka Takeshi Coatox
53%
Corboss
53%
Corboss
53%
Route 9 Dresseur Aérien Marcel Coxyclaque
53%
Dimoret
53%
ou Dimoret
53%
Topdresseuse Anna Dimoret
53%
Dresseuse Aérienne Sora Émolga
53%
Champion Lem Émolga
53%
Dresseuse Aérienne Éléna Émolga
53%
ou Émolga
53%
Ranger Carla Émolga
53%
Ranger Miki Flagadoss
53%
Grolem
53%
Grolem
53%
Route 7 Peintre Chihiro Queulorior
53%
Famille d'Artistes Jan & May Queulorior
53%
Queulorior
53%
Peintre Pierrot Queulorior
53%
Peintre Angel Queulorior
53%
Peintre Bart Queulorior
53%
Nageuse Prune Ramoloss
53%
Roigada
53%
Séléroc
53%
Dresseuse Prom. Manon Solaroc
53%
Montagnard Alexandre Tarinorme
53%
ou Tarinorme
53%
Ouvrier Oscar Tarinorme
53%
Tarinorme
53%
Route 21 Topdresseuse Hollie Ténéfix
53%
Apitrini
50%
Jeunes Tourtereaux Shin & Rei Apitrini
50%
Cizayox
50%
Cizayox
50%
Cornèbre
50%
Cryptéro
50%
Dresseur Aérien Raymond Cryptéro
50%
Championne Astéra Cryptéro
50%
Cryptéro
50%
Kinésiste Ingo Éoko
50%
Mystimaniac Claire Éoko
50%
Dresseur Aérien Philippe Éoko
50%
Arène d'Auffrac-les-Congères Topdresseuse Mariah Farfuret
50%
Arène de Port Tempères Ranger Pablo Feuiloutan
50%
Mammochon
50%
Pachirisu
50%
Arène d'Illumis Écolier Ali Pachirisu
50%
Papilord
50%
Ptéra
50%
Ptéra
50%
Topdresseuse Midler Cochignon
47%
Cotovol
47%
Champion Amaro Cotovol
47%
Route 8 (hauteurs) Dresseur Prom. Bleuet Coupenotte
47%
Rollerskateur Yvan Doduo
47%
Topdresseuse Asuka Doduo
47%
Mystimaniac Anja Funécire
47%
Mystimaniac Lamia Funécire
47%
Sbire Flare Grahyèna
47%
Grahyèna
47%
Grahyèna
47%
Sbire Flare Grahyèna
47%
Grahyèna
47%
Team Flare Ancolie Grahyèna
47%
Grahyèna
47%
Sbire Flare Grahyèna
47%
Grahyèna
47%
Manager Flare Grahyèna
47%
Kangourex
47%
Pêcheur Gaultier Tentacool
47%
Tentacool
47%
Tentacool
47%
Nageur Benjamin Tentacool
47%
Apireine
44%
Gamin Lewis Carvanha
44%
Carvanha
44%
Topdresseur Richard Électrode
44%
Électrode
44%
Dresseuse Aérienne Célia Floravol
44%
Touriste Clémentine Floravol
44%
Gloupti
44%
Sbire Flare Gloupti
44%
Sbire Flare Gloupti
44%
Gringolem
44%
Combattante Makoto Judokrak
44%
Judokrak
44%
Judokrak
44%
Combattante Chiaki Judokrak
44%
Karatéka Rufus Karaclée
44%
Rollerskateuse Elle Karaclée
44%
Karaclée
44%
ou Karaclée
44%
Karatéka Takuma Karaclée
44%
Karaclée
44%
Sbire Flare Léopardus
44%
Léopardus
44%
Léopardus
44%
Vaurienne Mireille Léopardus
44%
Léopardus
44%
Sbire Flare Léopardus
44%
Léopardus
44%
Sbire Flare Léopardus
44%
Léopardus
44%
Léopardus
44%
Duo Flare Sbire & Manager Léopardus
44%
Manager Flare Léopardus
44%
Topdresseur Murphy Lugulabre
44%
Lugulabre
44%
ou Ronflex
44%
Ronflex
44%
Scobolide
44%
Tauros
44%
Route 19 Duo Ranger Maé & Ken Tauros
44%
Vortente
44%
Dresseur Aérien Chaz Vortente
44%
Vénérable Cain Airmure
41%
Sbire Flare Avaltout
41%
Avaltout
41%
Sbire Flare Avaltout
41%
Sbire Flare Avaltout
41%
Sbire Flare Avaltout
41%
Manager Flare Avaltout
41%
Ranger Chester Carmache
41%
Écrémeuh
41%
Écrémeuh
41%
Montagnard Vladimir Géolithe
41%
ou Golemastoc
41%
Golemastoc
41%
Dresseuse Aérienne Géraldine Hexagel
41%
Hexagel
41%
Hexagel
41%
Touriste Naoko Lumivole
41%
Touriste Flavien Muciole
41%
Montagnard Arpad Nodulithe
41%
Route 10 Kinésiste Neagle Nucléos
41%
Route 11 Kinésiste Jean-Kévin Nucléos
41%
Rhinocorne
41%
Petite Anabelle Rozbouton
41%
Sharpédo
41%
Sharpédo
41%
Gamin Harry Venipatte
41%
Topduo Jack & Berny Wailord
41%
Gamin Dan Yanma
41%
Gigalithe
38%
Hypocéan
38%
Hypotrempe
38%
ou Libégon
38%
Libégon
38%
Méios
38%
Rhinoféros
38%
Montagnard Yvain Rhinoféros
38%
Ranger Danielle Rosélia
38%
Roserade
38%
Scarabrute
38%
Scarabrute
38%
Rollerskateur Troilos Scarhino
38%
Scarhino
38%
Kinésiste Patrick Symbios
38%
Randonneur Hiroyuki Tranchodon
38%
Vibraninf
38%
Caverne Gelée (extérieur) Montagnard Jamel Vibraninf
38%
Akwakwak
35%
Baggiguane
35%
Duo Flare Baggiguane
35%
Centrale de Kalos Sbire Flare Baggiguane
35%
Sbire Flare Baggiguane
35%
Baggiguane
35%
Sbire Flare Baggiguane
35%
Manager Flare Baggiguane
35%
Crustabri
35%
Route 16 Rollerskateuse Heidi Delcatty
35%
Dresseuse Sannah Delcatty
35%
Incisache
35%
Pêcheur Balthazar Kokiyas
35%
Montagnard Denis Mascaïman
35%
Route 17 Dresseuse Aérienne June Motisma
35%
Touriste Manami Nidorina
35%
Touriste Stéphane Nidorino
35%
Noadkoko
35%
Arène de Flusselles Kinésiste Lionel Noadkoko
35%
Topdresseur Sylvain Pharamp
35%
Relicanth
35%
Montagnard Fabio Relicanth
35%
Scalpion
35%
Scalproie
35%
ou Scalproie
35%
Wailmer
35%
Hôtel Désolation Vaurien Akio Baggaïd
32%
Karatéka Terry Baggaïd
32%
Café Lysandre Sbire Flare Baggaïd
32%
Baggaïd
32%
BaggaÏd
32%
Baggaïd
32%
Vénérable Gérard Branette
32%
Route 18 Gamin Horton Brutapode
32%
Granbull
32%
Granbull
32%
ou Granbull
32%
Fillette Miley Granbull
32%
Granbull
32%
Hariyama
32%
Hariyama
32%
Karatéka Andy Hariyama
32%
Hyporoi
32%
Ranger Albin Miradar
32%
Nidoking
32%
Duo Ranger Maki & Kit Nidoqueen
32%
Polagriffe
32%
Polagriffe
32%
Topdresseur Thomas Polagriffe
32%
ou Rhinastoc
32%
Ranger Youcef Têtarte
32%
Pêcheur Pedro Têtarte
32%
Têtarte
32%
Ranger Éliza Arbok
29%
Vaurienne Gwyneth Arbok
29%
Békipan
29%
Étourvol
29%
Ranger Ramzi Grindur
29%
Lanturn
29%
Topdresseur Philipe Lanturn
29%
ou Noacier
29%
Ossatueur
29%
Kinésiste Jérémiah Ossatueur
29%
Pokéfan Cammie Snubbull
29%
Route 8 (plage) Dresseur Aérien Tsubasa Babimanta
26%
Pêcheur Patrice Bargantua
26%
Bargantua
26%
Dresseur Aérien Sigmund Baudrive
26%
Touriste Harumi Baudrive
26%
Cave Connecterre Éleveuse Frigg Couaneton
26%
Nageuse Simone Goélise
26%
Goélise
26%
Soeurs Étranges Sola & Ana Grodrive
26%
Dresseur Aérien Achille Grodrive
26%
Vénérable Allan Hippodocus
26%
Hippopotas
26%
ou Kécléon
26%
Lakmécygne
26%
Lakmécygne
26%
Mystimaniac Hélia Lippoutou
26%
Lippoutou
26%
Dresseuse Aérienne Lynette Noarfang
26%
Karatéka Ken Ouvrifier
26%
ou Volcaropod
26%
Topdresseuse Mika Volcaropod
26%
Pêcheur Macias Barbicha
24%
Bétochef
24%
Nageuse Martina Corayon
24%
Arène de Relifac-le-Haut Dresseur Prom. Niccolò Crabicoque
24%
Crabicoque
24%
Cerveau & Muscles Geki & Jef Groret
24%
ou Groret
24%
Groret
24%
Hélédelle
24%
Lombre
24%
Route 15 Ranger Bernard Maraiste
24%
Vaurien Jack Moufflair
24%
ou Moufflair
24%
Ouvrier Carl Octillery
24%
Route 12 Nageur Enzio Qwilfish
24%
Baie Azur Nageur Jean-Édouard Rémoraid
24%
Rhinolove
24%
Rhinolove
24%
ou Crabaraque
21%
Crabaraque
21%
Drascore
21%
Insolourdo
21%
Vaurien Luigi Insolourdo
21%
Écolier Rafik Limonde
21%
Montagnard Miguelito Limonde
21%
Nageuse Clara Limonde
21%
Miasmax
21%
Sablaireau
21%
Sorbouboul
21%
Ranger Shinobu Mamanbo
18%
Ninjask
18%
Ramboum
18%
Topdresseur Zack Cadoizo
15%
ou Munja
15%
ou Gaulet
9%
Aucun quiz correspondant
Distribution des résultats
% des personnes avec chaque résultat
Percentile par nombre de réponses
Votre historique - résultats
Vous n’avez pas pris ce quiz